Disinherited state: a study of West Bengal, 1967-70 (Record no. 345126)

000 -LEADER
fixed length control field 00385cam a22001217a 4500
008 - FIXED-LENGTH DATA ELEMENTS--GENERAL INFORMATION
fixed length control field 180718b1971 xxu||||| |||| 00| 0 eng d
082 ## - DEWEY DECIMAL CLASSIFICATION NUMBER
Classification number B6x5412 G346
100 ## - MAIN ENTRY--PERSONAL NAME
Personal name Ghosh, Sankar
245 ## - TITLE STATEMENT
Title Disinherited state: a study of West Bengal, 1967-70
Statement of responsibility, etc. by Sankar Ghosh
260 ## - PUBLICATION, DISTRIBUTION, ETC.
Place of publication, distribution, etc. Calcutta
Name of publisher, distributor, etc. Orient Longman
Date of publication, distribution, etc. 1971
300 ## - PHYSICAL DESCRIPTION
Extent 324p.
650 ## - SUBJECT ADDED ENTRY--TOPICAL TERM
Topical term or geographic name entry element West Bengal (India) --Politics and government.
Holdings
Withdrawn status Lost status Damaged status Not for loan Permanent Location Current Location Date acquired Full call number Barcode Date last seen Price effective from Koha item type
        Indian Institute of Public Administration Indian Institute of Public Administration 1993-10-06 B6x5412 G346 45743 2018-07-21 2018-07-21 Book

Powered by Koha